000 00925nam a2200253Ia 4500
003 OSt
005 20220923212450.0
006 a|||||r|||| 00| 0
007 ta
008 220922b |||||||| |||| 00| 0 hin d
024 _a153,258
037 _cTextual
040 _aARTS
_cARTS
_bhin
041 _2hin
_ahin
082 _aO152v, M2
100 _aवर्मा, हरिश्चन्द्र; गुप्त, रामनिवा
_9162519
245 0 _aहिन्दी साहित्य का इतिहास
246 _aHindī sāhitya kā itihāsa
260 _aरोहतक
_b संस्थान पब्लि
_c1982
300 _a640 पृ.
_ccm.
650 _aहिन्दी साहित्य
_9156264
942 _hO152v, M2
_cTEXL
_2CC
999 _c308905
_d308905